1515 1633 1707 1561 1090 1507 1572 1116 1228 1937 1062 1270 1852 1165 1338 1403 1468 1062 1513 1653 1875 1921 1793 1319 1423 1559 1979 1420 1155 1801 1571 1346 1240 1214 1032 1357 1026 1354 1313 1840 1930 1223 1227 1740 1229 1876 1744 1840 1631 1737 1922 1571 1371 1767 1599 1422 1005 1437 1287 1615 1717 1317 1713 1444 1211 1006 1275 1081 1502 1331 1455 1629 1397 1694 1242 1201 1800 1418 1675 1856 1043 1019 1439 1966 1949 1041 1049 1866 1736 1132 1868 1936 1853 1178 1216 1414 1896 1580 1534 BCNSPRNW ULIB Ver.6.0+V

เปลี่ยนเป็นภาษาไทย

Change to English
 แสดงรายละเอียดบรรณานุกรม
  กลับหน้าหลัก

Brief Record : Get Marc (ISO 2709) : E-mail record : QR code < ปิดหน้าต่าง
LEADER : 00000nam 2200000uu 4500
001    13399122250
003     ULIB
008    130116s||||||||th 000 0 tha d
020    ^a9786165272704
050  4 ^aPE1128^bก521 ล.1
110 1  ^aกองบรรณาธิการเอ็มไอเอส
245 00 ^aเก่ง Grammar พิชิตข้อสอบ ฉบับการ์ตูนความรู้^cกองบรรณาธิการเอ็มไอเอส
260    ^aกรุงเทพฯ:เอ็มไอเอส,^c2554
300    ^a266 หน้า:^bภาพการ์ตูนสี
650  0 ^aภาษาอังกฤษ^xไวยากรณ์
650  0 ^aภาษาอังกฤษ^xการใช้ภาษา
945    ^p159^l0^i19743
945    ^p159^l0^i19786
995    ^aกัณชพร
999    ^aใช้งานได้ทุกระบบ
รายการนี้ยังไม่มีแท็ก
คุณยังไม่ได้ล็อกอิน คุณสามารถมีกิจกรรมร่วมกับเว็บไซต์ได้ แต่ต้องล็อกอินก่อน ::
  ล็อกอิน

รายการสื่อสารสนเทศ

ลำดับที่ ประเภท เลขเรียก/บาร์โค้ด สถานที่ สถานะ
1. การศึกษาทั่วไป
การศึกษาทั่วไป
PE1128 ก521 ล.1  
  Barcode: 19743
ห้องสมุดวิทยาเขตสวรรค์ประชารักษ์
►หนังสือทั่วไป
บนชั้น
2. การศึกษาทั่วไป
การศึกษาทั่วไป
PE1128 ก521 ล.1 ฉ.2 
  Barcode: 19786
ห้องสมุดวิทยาเขตสวรรค์ประชารักษ์
►หนังสือทั่วไป
บนชั้น

รายการใกล้เคียง
    หัวเรื่อง [ภาษาอังกฤษ การใช้ภาษา]

BibComment


ยังไม่เคยถูกคอมเมนท์

คอมเมนท์ทรัพยากรรายการนี้
  คอมเมนท์: เก่ง Grammar พิช..


 Copyright 2026. Bcnsprnw @Library